000 00483nam a2200193Ia 4500
003 GCL
008 140319s9999 xx 000 0 eng d
040 _aGCL /
_cGCL
082 0 4 _aCC
_b069.0962
_bE E
100 1 _aDONADONI, SERGIO
245 1 0 _aEGYPTIAN MUSEUM: CAIRO /
_cDONADONI, SERGIO
260 _a[S.N] :
_bNEWSWEEK, INC, ،
_c1969
300 _a169 P
650 0 4 _aMUSEUMS
650 0 4 _aANCIENT EGYPT
650 0 4 _aCAIRO
650 0 4 _aEGYPT, MUSEUMS
942 _2ddc
_cBK
999 _c19322
_d19322